|
|
|
|
| LEADER |
01851nam a2200373 a 4500 |
| 001 |
12303711 |
| 008 |
101206m20032001maua b 001 0 eng d |
| 010 |
|
|
|a 2001030210
|
| 020 |
|
|
|a 8176710369
|
| 020 |
|
|
|a 026202506X (hc. : alk. paper)
|
| 040 |
|
|
|a DLC
|c DLC
|d DLC
|d BD-DhAAL
|
| 082 |
0 |
0 |
|a 572.8/01/13
|2 21
|
| 100 |
1 |
|
|a Baldi, Pierre.
|
| 245 |
1 |
0 |
|a Bioinformatics :
|b the machine learning approach /
|c Pierre Baldi, Soren Brunak.
|
| 250 |
|
|
|a 2nd ed.
|
| 260 |
|
|
|a Cambridge, Mass. :
|b MIT Press ;
|a New Delhi :
|b affiliated East-west press,
|c c2001
|c 2003.
|
| 300 |
|
|
|a xxi, 452 p. :
|b ill. ;
|c 24 cm.
|
| 490 |
0 |
|
|a Adaptive computation and machine learning
|
| 500 |
|
|
|a "A Bradford book"
|
| 504 |
|
|
|a Includes bibliographical references (p. 409-445) and index.
|
| 541 |
1 |
|
|e 00015531
|
| 650 |
|
0 |
|a Bioinformatics.
|
| 650 |
|
0 |
|a Molecular biology
|x Computer simulation.
|
| 650 |
|
0 |
|a Molecular biology
|x Mathematical models.
|
| 650 |
|
0 |
|a Neural networks (Computer science)
|
| 650 |
|
0 |
|a Machine learning.
|
| 650 |
|
0 |
|a Markov processes.
|
| 700 |
1 |
|
|a Brunak, Soren.
|
| 852 |
4 |
|
|a Ayesha Abed Library
|j General Shelf.
|
| 999 |
|
|
|c 10166
|d 10166
|
| 952 |
|
|
|0 0
|1 0
|2 ddc
|4 0
|6 572_801130000000000_BAL
|7 0
|9 13462
|a BRACUL
|b BRACUL
|c GEN
|d 2010-12-06
|l 7
|m 35
|o 572.80113 BAL
|p 3010015531
|r 2026-01-26
|s 2025-10-22
|t 1
|w 2010-12-06
|y BK
|
| 952 |
|
|
|0 0
|1 0
|2 ddc
|4 0
|6 572_801130000000000_BAL
|7 0
|9 13472
|a BRACUL
|b BRACUL
|c GEN
|d 2010-12-06
|l 5
|m 35
|o 572.80113 BAL
|p 3010015533
|r 2025-10-26
|s 2025-08-21
|t 2
|w 2010-12-06
|y BK
|
| 952 |
|
|
|0 0
|1 0
|2 ddc
|4 0
|6 572_801130000000000_BAL
|7 0
|9 13490
|a BRACUL
|b BRACUL
|c GEN
|d 2010-12-06
|l 6
|m 7
|o 572.80113 BAL
|p 3010015532
|q 2026-05-21
|r 2026-02-23
|s 2026-02-23
|t 3
|w 2010-12-06
|y BK
|
| 952 |
|
|
|0 0
|1 0
|2 ddc
|4 0
|6 572_801130000000000_BAL
|7 0
|9 13491
|a BRACUL
|b BRACUL
|c GEN
|d 2010-12-06
|l 5
|m 67
|o 572.80113 BAL
|p 3010015529
|r 2025-05-26
|s 2024-12-18
|t 4
|w 2010-12-06
|y BK
|